Quiz o Warszawie - Statystyki

Ogólne statystyki
  • Ten quiz został rozwiązany 52 razy
  • Średni wynik to 9 z 20
Statystyki odpowiedzi
Pytanie Odpowiedź % Poprawnych
Rzeka przepływająca przez Warszawę Wisła
95%
Najpopularniejszy klub piłkarski w Warszawie Legia Warszawa
90%
Województwo w którym znajduje się Warszawa Mazowieckie
87%
Najbogatsza dzielnica Warszawy Śródmieście
82%
Wydarzenie historyczne, które miało miejsce w Warszawie w 1944 roku Powstanie Warszawskie
77%
Drugi największy budynek w Polsce znajdujący się w Warszawie(zapisz pełną nazwę) Pałac Kultury i Nauki
74%
Prezydent Polski w latach 2005-2010 urodzony w Warszawie (zapisz imię i nazwisko) Lech Kaczyński
72%
Miasto w którym zginął powyższy prezydent Smoleńsk
69%
Klub który jest wrogiem numer jeden powyższego klubu Lech Poznań
56%
Dzielnica w Warszawie, w której żyje najwięcej ludzi Bemowo
38%
Pierwszy prezydent III RP, który zmarł w Warszawie (zapisz imię i nazwisko) Wojciech Jaruzelski
38%
W którym dniu września skapitulowała Warszawa? (zapisz w liczbach) 28
33%
Procent terenów zielonych w Warszawie (zapisz w liczbach) 40
15%
Ulica w Warszawie w której znajduje się Muzeum Powstania Warszawskiego Grzybowska
15%
Powierzchnia (zapisz w liczbach) 517,2
13%
Ludność (dane z 2021) (w milionach) (zapisz w liczbach) 1,86
10%
Najwyższy punkt wysokościowy Warszawy Górka Szczęśliwicka
8%
Ulica w której znajduje się Pomnik Syreny nad Wisłą Wybrzeże Kościuszkowskie
5%
Rok w którym powstała Warszawa (zapisz w liczbach) 1592
3%
Nizina nad którą leży Warszawa Środkowomazowiecka
0%
Nie znaleziono quizów pasujących do podanych kryteriów
Rozkład punktacji
Procent ludzi z każdym wynikiem
Percentyl według liczby udzielonych odpowiedzi
Twoja historia wyników
Nie rozwiązałeś tego quizu